| 000 | 00608nam a22001937a 4500 | ||
|---|---|---|---|
| 005 | 20251108172441.0 | ||
| 008 | 250721s9999 xx 000 0 ara d | ||
| 082 | 1 | 4 | _a928.3ثلا |
| 100 | 1 |
_aوطفي، إبراهيم _eمترجم |
|
| 245 | 1 | 0 | _aثلاثة كت¹اب من الألمانية : بيتر فايس . هاينر كيبهارت . مارتنفالزر / |
| 264 | 1 |
_aطرطوس : _bالمترجم، |
|
| 300 | _a326ص | ||
| 650 | 1 | 7 | _aالتراجم |
| 650 | 1 | 7 | _aالأدباء |
| 650 | 1 | 7 | _aألمانيا |
| 650 | 1 | 7 | _aالأدب الألماني |
| 942 |
_2ddc _cBK |
||
| 999 |
_c79633 _d79633 |
||